000 00499nam a2200169Ia 4500
999 _c35056
_d35056
003 OSt
005 20201208094645.0
008 190216s9999||||xx |||||||||||||| ||und||
040 _coclc
082 _a894.8124
_bKEN/L
100 _aK E N
_97237
245 0 _aLaingika Udaareekaranam Parisaravum Rashtreeyavum /
_cK E N
260 _bProgress Publications,
_c2013.
_aKozhikode:
300 _a112p
650 _aPolitics
942 _cBK
_2ddc
_h894.8124
_iKEN/L
_k894.8124
_mKEN/L